000 00446nam a2200145Ia 4500
008 211109s9999||||xx |||||||||||||| ||und||
082 _a494.81
_bRAV-A
100 _aRavi Varma, L A
245 0 _aArya Dravida Bhashakalude Paraspara Bandham
260 _bKerala Sahitya Academy
_aTrichur
_c1978
300 _a120p.
630 _xGENERAL STACK
650 _aLANGUAGE
_vOTHER LANGUAGES
_xALTAIC,URALIC,HYPERBOREAN &DRAVIDIANGeneralia
942 _cBOOK
999 _c71570
_d71570